|
|
|
|
| LEADER |
02346nam a2200337 i 4500 |
| 003 |
GR-PaULI |
| 005 |
20240301130832.0 |
| 008 |
240301t2023 gr fda|g |||| 00| 0 gre d |
| 020 |
|
|
|a 9786188679009
|
| 040 |
|
|
|a GR-PaULI
|b gre
|c GR-PaULI
|e AACR2
|
| 082 |
0 |
4 |
|2 23
|a 519.5
|
| 100 |
1 |
|
|9 4696
|a Κιόχος, Πέτρος Α.
|e συγγραφέας.
|
| 245 |
1 |
0 |
|a Στατιστική για οικονομικές και διοικητικές επιστήμες /
|c Πέτρος Κιόχος, Μιχάλης Ανθρωπέλος, Βιλελμίνη Καραγιάννη ; επιστημονική επιμέλεια Απόστολος Κιόχος, Γιώργος Μαυριδόγλου.
|
| 260 |
|
|
|a Αθήνα :
|b Ελένη Κιόχου,
|c c2023.
|
| 300 |
|
|
|a 861 σ. :
|b εικ. ;
|c 24 εκ.
|
| 504 |
|
|
|a Περιλαμβάνει βιβλιογραφία.
|
| 650 |
|
4 |
|9 85
|a Στατιστική
|
| 650 |
|
4 |
|9 11581
|a Διοικητική επιστήμη
|
| 650 |
|
4 |
|9 37138
|a Οικονομικές επιστήμες
|x Έρευνα.
|
| 700 |
1 |
|
|9 138932
|a Ανθρωπέλος, Μιχάλης Θ.
|e συγγραφέας.
|
| 700 |
1 |
|
|9 11943
|a Καραγιάννη, Βιλελμίνη Ι.
|e συγγραφέας.
|
| 700 |
1 |
|
|9 9868
|a Κιόχος, Απόστολος
|e επιμελητής.
|
| 700 |
1 |
|
|9 202351
|a Μαυριδόγλου, Γιώργος
|e επιμελητής.
|
| 942 |
|
|
|2 ddc
|c BK
|
| 952 |
|
|
|0 0
|1 0
|2 ddc
|4 0
|6 519_500000000000000_ΚΙΟ
|7 0
|9 377970
|a LISP
|b LISP
|c BSC
|d 2024-03-01
|i 363920
|l 0
|o 519.5 ΚΙΟ
|p 025000307090
|r 2024-03-01 00:00:00
|t 1
|w 2024-03-01
|y BK15
|
| 952 |
|
|
|0 0
|1 0
|2 ddc
|4 0
|6 519_500000000000000_ΚΙΟ
|7 0
|9 377971
|a LISP
|b LISP
|c BSC
|d 2024-03-01
|i 363921
|l 0
|o 519.5 ΚΙΟ
|p 025000307088
|r 2024-03-01 00:00:00
|t 2
|w 2024-03-01
|y BK15
|
| 952 |
|
|
|0 0
|1 0
|2 ddc
|4 0
|6 519_500000000000000_ΚΙΟ
|7 0
|9 378872
|a LISK
|b LISK
|c BSC
|d 2024-03-28
|i 71067
|l 0
|o 519.5 ΚΙΟ
|p 992410071067
|r 2024-03-28 00:00:00
|t 3
|w 2024-03-28
|y BK15
|
| 952 |
|
|
|0 0
|1 0
|2 ddc
|4 0
|6 519_500000000000000_ΚΙΟ
|7 0
|9 378873
|a LISK
|b LISK
|c BSC
|d 2024-03-28
|i 71068
|l 0
|o 519.5 ΚΙΟ
|p 992410071068
|r 2024-03-28 00:00:00
|t 4
|w 2024-03-28
|y BK15
|
| 952 |
|
|
|0 0
|1 0
|2 ddc
|4 0
|6 519_500000000000000_ΚΙΟ
|7 0
|9 378874
|a LISK
|b LISK
|c BSC
|d 2024-03-28
|i 71069
|l 0
|o 519.5 ΚΙΟ
|p 992410071069
|r 2024-03-28 00:00:00
|t 5
|w 2024-03-28
|y BK15
|
| 998 |
|
|
|c ΛΟΤΣΑΡΗ
|d 2024-03
|
| 999 |
|
|
|c 219750
|d 219750
|